Robert L. Bradshaw Int. Airport Destinations (Basseterre, St. Kitts) - Statistics

General Stats
  • This quiz has been taken 32 times
    8 since last reset
  • The average score is 12 of 18
Answer Stats
Airline Destination % Correct
British Airways/Caribbean Airlines/Sunrise Airways/Trans Anguilla Airways/Winair Antigua
100%
Delta Air Lines Atlanta
100%
American Airlines Charlotte
100%
British Airways London (Gatwick)
100%
American Airlines Miami
100%
United Airlines Newark
100%
American Airlines/Delta Air Lines/JetBlue New York (JFK)
100%
Air Canada Rouge Toronto (Pearson)
100%
Trans Anguilla Airways Anguilla
88%
Caribbean Airlines Port of Spain
88%
Caribbean Airlines/InterCaribbean Airways Barbados
63%
Sky High Santo Domingo (Las Américas)
63%
Cape Air Nevis
50%
Winair Dominica (Douglas-Charles)
25%
Cape Air Saint Thomas
13%
Sunrise Airways/Winair Sint Martin
0%
Trans Anguilla Airways St. Eustatius
0%
Winair Tortola
0%
No matching quizzes found
Score Distribution
Percent of People with Each Score
Percentile by Number Answered
Your Score History
You have not taken this quiz since the last reset